| 000 | 02895nam a22002657a 4500 | ||
|---|---|---|---|
| 001 | 6725 | ||
| 003 | FISKH | ||
| 005 | 20250523091717.0 | ||
| 008 | 250522b cb ||||| |||| 00| 0 eng d | ||
| 020 | _a9789996333347 | ||
| 040 |
_aFISKH _bkhr _cFISKH _dFISKH |
||
| 082 | _a895.932 | ||
| 100 | _aSokheng, Kong | ||
| 245 |
_aទសជាតក : _bអក្សរសិល្ប៏ពុទ្ឌនិយម / _cរៀបរៀងដោយ គង់ សុខហេង |
||
| 250 | _aបោះពុម្ពលើកទី ១ | ||
| 260 |
_aភ្នំពេញ : _bប៉ៃ ណែត , _c2013 . |
||
| 300 |
_a315 pages : _bcolor illustrations ; _c21 cm . |
||
| 520 | _aសៀវភៅ ទសជាតកៈ សិក្សាអក្សរសិល្ប៍ពុទ្ធនិយម ដែលត្រូវបានរៀបរៀងដោយលោក គង់ សុខហេង គឺជាវិចារណកថាសិក្សាដែលផ្តល់ចំណេះដឹងអប់រំអំពីអក្សរសិល្ប៍ពុទ្ធសាសនា ដោយផ្តោតលើរឿង ជាតក។ រឿងជាតកទាំងនេះ ពិពណ៌នាអំពីជីវិតមុនៗរបស់ព្រះពុទ្ធ ដែលបង្ហាញពីមេរៀនខាងឯរិត្តធម៌ និងការបង្កើនគុណវុឌ្ឍិលក្ខណៈល្អ។ | ||
| 520 | _aThe book ទសជាតកៈ សិក្សាអក្សរសិល្ប៍ពុទ្ធនិយម (Ten Jataka Tales: A Study of Buddhist Literature) by Kong Sokheng is an educational resource that delves into the study of Buddhist literary works, focusing on the Jataka tales. These tales narrate the previous lives of the Buddha, illustrating moral lessons and the cultivation of virtues | ||
| 520 | _aសៀវភៅ ទសជាតកៈ សិក្សាអក្សរសិល្ប៍ពុទ្ធនិយម ដែលត្រូវបានរៀបរៀងដោយលោក គង់ សុខហេង គឺជាវិចារណកថាសិក្សាដែលផ្តល់ចំណេះដឹងអប់រំអំពីអក្សរសិល្ប៍ពុទ្ធសាសនា ដោយផ្តោតលើរឿង ជាតក។ រឿងជាតកទាំងនេះ ពិពណ៌នាអំពីជីវិតមុនៗរបស់ព្រះពុទ្ធ ដែលបង្ហាញពីមេរៀនខាងឯរិត្តធម៌ និងការបង្កើនគុណវុឌ្ឍិលក្ខណៈល្អ។ | ||
| 650 |
_aទសជាតក _vអក្សរសិល្ប៏ពុទ្ធនិយម |
||
| 650 |
_aToscheadok _vBuddhist literature |
||
| 942 |
_2ddc _cKHB _n0 |
||
| 999 |
_c6725 _d6725 |
||